Normal view
MARC view
Entry Personal Name
001 - CONTROL NUMBER
- control field: 845
003 - CONTROL NUMBER IDENTIFIER
- control field: OSt
005 - DATE AND TIME OF LATEST TRANSACTION
- control field: 20150705141610.0
008 - FIXED-LENGTH DATA ELEMENTS
- fixed length control field: 150705|| aca||aabn | a|a d
040 ## - CATALOGING SOURCE
- Original cataloging agency: OSt
- Transcribing agency: OSt
100 ## - HEADING--PERSONAL NAME
- Personal name: Narayanaswamy, B
670 ## - SOURCE DATA FOUND
- Source citation: Work cat.: (OSt)8907: Narayanaswamy, B, Self Help Groups, 2007









